000 00316nam a22001337a 4500
008 170327b xxu||||| |||| 00| 0 eng d
020 _a9780781718691
041 _aeng
080 _23RD
_a615.83
100 _a8
101 _aSHM
245 _aPHYSICAL EXAMINATION AND HISTORY TAKING
_cBICKELY, L.S
942 _2udc
_cBK
999 _c8735
_d8735